000 00301nam a2200133 i 4500
001 bg
100 1 _aMURZIN, V. S.
245 0 _aFizika kosmiceskich lucej /
_cV.S. Murzin.
260 _aMoskva,
_c1970.
040 _cBPK
041 _apol
942 _cKS
008 s pl f |000 0 pol
999 _c13501
_d13501
856 _uhttp://koha.tu.koszalin.pl/cgi-bin/koha/opac-detail.pl?biblionumber=13501
_yKatalog online BPK